[Event "Madrid-chT 1920 Honor"]
[Site "Madrid"]
[Date "2019.12.15"]
[Round "3.2"]
[White "Sanchez Gonzalez, Sergio"]
[Black "Pulvett Marin, Daniel Eduardo"]
[Result "1/2-1/2"]
[WhiteElo "2292"]
[BlackElo "2487"]
[PlyCount "118"]
[EventDate "2019.11.24"]
[EventType "team-tourn"]
[EventRounds "12"]
[EventCountry "ESP"]
[SourceTitle "EXT 2021"]
[Source "ChessBase"]
[SourceDate "2020.10.23"]
[SourceVersion "1"]
[SourceVersionDate "2020.10.23"]
[SourceQuality "1"]
[WhiteTeam "Liberty Chess"]
[BlackTeam "Collado Villalba"]
[WhiteTeamCountry "ESP"]
[BlackTeamCountry "ESP"]

1. c4 c6 2. e4 d5 3. exd5 cxd5 4. d4 Nf6 5. Nc3 Nc6 6. Nf3 g6 7. cxd5 Nxd5 8. Bc4 Nxc3 9. bxc3 Bg7 10. 0-0 0-0 11. Re1 Na5 12. Bf1 b6 13. Ba3 Bf6 14. Ne5 Be6 15. Qf3 Qc7 16. Bb4 Rfd8 17. Ng4 Bxg4 18. Qxg4 Nc6 19. Ba3 e6 20. Qf3 Bg7 21. Bc1 Na5 22. Bg5 Rd5 23. Bf4 Qc6 24. Bd3 Qxc3 25. Rac1 Qb4 26. Be4 Rxd4 27. Bxa8 Rxf4 28. Rc8+ Bf8 29. Qe2 Kg7 30. Qe5+ Rf6 31. Rd1 Nc4 32. Qb8 Bc5 33. Rg8+ Kh6 34. Qd8 Qb2 35. Kh1 Qxf2 36. h3 Ne3 37. Rg1 Ng4 38. Qd1 Rf4 39. Qe1 Qxe1 40. Rxe1 Nf2+ 41. Kh2 Nd3 42. Rd1 Rd4 43. g4 Bd6+ 44. Kg1 Kg5 45. Rg7 Bc5 46. Kh2 Bd6+ 47. Kg1 f5 48. gxf5 exf5 49. Rxh7 a5 50. Bf3 Ne5 51. Be2 Re4 52. Rxd6 Rxe2 53. Rxb6 Rxa2 54. Rb3 a4 55. Rc3 f4 56. Re7 Kf6 57. Ra7 Kf5 58. Re7 Re2 59. Kf1 Re4 1/2-1/2

[Event "Madrid-chT 1920 Honor"]
[Site "Madrid"]
[Date "2019.12.01"]
[Round "2.2"]
[White "Gascon del Nogal, Jose Rafael"]
[Black "Sanchez Gonzalez, Sergio"]
[Result "0-1"]
[WhiteElo "2475"]
[BlackElo "2292"]
[PlyCount "136"]
[EventDate "2019.11.24"]
[EventType "team-tourn"]
[EventRounds "12"]
[EventCountry "ESP"]
[SourceTitle "EXT 2021"]
[Source "ChessBase"]
[SourceDate "2020.10.23"]
[SourceVersion "1"]
[SourceVersionDate "2020.10.23"]
[SourceQuality "1"]
[WhiteTeam "Villalba 64"]
[BlackTeam "Liberty Chess"]
[WhiteTeamCountry "ESP"]
[BlackTeamCountry "ESP"]

1. e4 c5 2. Nf3 e6 3. d4 cxd4 4. Nxd4 Nf6 5. Nc3 d6 6. g4 h6 7. Rg1 a6 8. h4 d5 9. exd5 Nxd5 10. Bd2 Nc6 11. Nxd5 Nxd4 12. Ne3 Qxh4 13. Bc3 Nb5 14. Be5 Bc5 15. Bxb5+ axb5 16. Qd3 0-0 17. g5 hxg5 18. 0-0-0 Qxf2 19. Rg3 Bxe3+ 20. Rxe3 Qf5 21. Qd6 f6 22. Bc3 e5 23. Rh1 Be6 24. Re2 Rfd8 25. Qb6 Bd5 26. Rd1 Qe6 27. Ba5 Rd6 28. Qxb5 Bc4 29. Rxd6 Bxb5 30. Rxe6 Bxe2 31. Bb4 g4 32. Kd2 Bc4 33. Re7 g3 34. Rxb7 g2 35. Bc5 Rxa2 36. Kc3 Ra8 37. Rc7 Be6 38. b4 Ra1 39. b5 g1Q 40. Bxg1 Rxg1 41. Kb2 e4 42. b6 Rg5 43. c4 Bxc4 44. b7 Rb5+ 45. Kc3 Kh7 46. Kxc4 Rb1 47. Kd4 f5 48. Ke5 Kg6 49. Kf4 Rb5 50. Rd7 Kh6 51. Rd5 Rxb7 52. Kxf5 Re7 53. Rd6+ g6+ 54. Kf6 Re8 55. Rd2 Rf8+ 56. Ke5 e3 57. Re2 Kg5 58. Ke4 Kh4 59. Kd4 g5 60. Rxe3 Rd8+ 61. Kc3 g4 62. Re7 g3 63. Rh7+ Kg4 64. Rg7+ Kf3 65. Rf7+ Kg2 66. Rh7 Kg1 67. Rh6 g2 68. Rf6 Rh8 0-1

[Event "ESP-chT CECLUB Div2"]
[Site "Linares"]
[Date "2019.08.20"]
[Round "2.1"]
[White "Jones, Gawain C B"]
[Black "Sanchez Gonzalez, Sergio"]
[Result "1-0"]
[WhiteElo "2692"]
[BlackElo "2299"]
[PlyCount "93"]
[EventDate "2019.08.19"]
[EventType "team-swiss"]
[EventRounds "7"]
[EventCountry "ESP"]
[SourceTitle "EXT 2020"]
[Source "ChessBase"]
[SourceDate "2019.10.17"]
[SourceVersion "1"]
[SourceVersionDate "2019.10.17"]
[SourceQuality "1"]
[WhiteTeam "Sestao"]
[BlackTeam "Liberty Chess"]
[WhiteTeamCountry "ESP"]
[BlackTeamCountry "ESP"]

1. c4 Nf6 2. g3 c6 3. Bg2 d5 4. Nf3 Bf5 5. 0-0 Nbd7 6. cxd5 cxd5 7. d3 e5 8. Qa4 Bd6 9. e4 dxe4 10. Nh4 Be6 11. dxe4 0-0 12. Nc3 Bc5 13. Nd5 Bd4 14. Qa3 Re8 15. Nxf6+ Nxf6 16. Nf3 Bc4 17. Re1 Bb6 18. Bg5 Qd3 19. Qxd3 Bxd3 20. Bxf6 gxf6 21. Bf1 Red8 22. Bxd3 Rxd3 23. Kg2 Rad8 24. Rac1 Rd2 25. Nxd2 Rxd2 26. Rb1 Rxf2+ 27. Kh3 Kg7 28. a4 Bd4 29. b3 Kg6 30. Rf1 Re2 31. Rbe1 Rc2 32. Rc1 Re2 33. Rce1 Rc2 34. Rf3 a5 35. Ref1 Rc6 36. Kg2 Rc2+ 37. Kh1 Rc6 38. h4 Bb2 39. Kg2 Kg7 40. Kh3 Bd4 41. g4 h6 42. g5 hxg5 43. hxg5 fxg5 44. Rxf7+ Kg6 45. Kg4 Be3 46. Rxb7 Rc3 47. Rf3 1-0

[Event "Alicante Universitario-ch"]
[Site "Alicante"]
[Date "2019.04.09"]
[Round "1.7"]
[White "Sanchez Gonzalez, Sergio"]
[Black "Orantes Taboada, Manuel"]
[Result "1-0"]
[WhiteElo "2358"]
[BlackElo "2021"]
[PlyCount "85"]
[EventDate "2019.04.09"]
[EventType "swiss"]
[EventRounds "9"]
[EventCountry "ESP"]
[SourceTitle "CBM 190 Extra"]
[Source "ChessBase"]
[SourceDate "2019.07.15"]
[SourceVersion "1"]
[SourceVersionDate "2019.07.15"]
[SourceQuality "1"]

1. Nf3 Nf6 2. c4 g6 3. g3 Bg7 4. Bg2 d6 5. 0-0 0-0 6. Nc3 c6 7. d4 Qa5 8. h3 Be6 9. Qd3 Nbd7 10. Ng5 Nb6 11. Nxe6 fxe6 12. Bd2 Nbd7 13. Nd5 Qd8 14. Nf4 Kf7 15. d5 Nc5 16. dxe6+ Kg8 17. Qe3 a5 18. Nd3 Na6 19. Bc3 Nc7 20. h4 Nfe8 21. Bxg7 Nxg7 22. Bh3 Rf6 23. Nf4 Nf5 24. Bxf5 Rxf5 25. Qb3 Qc8 26. e4 Re5 27. Rad1 a4 28. Qe3 Nxe6 29. Nd3 Rea5 30. f4 Nc5 31. f5 Nxd3 32. Rxd3 Qe8 33. Qb6 Qf7 34. Rdf3 gxf5 35. Qxb7 Qxc4 36. Qxe7 Qxe4 37. Qg5+ Kh8 38. Qf6+ Kg8 39. Rxf5 Rxf5 40. Rxf5 Qe1+ 41. Kh2 Qe2+ 42. Kh3 Re8 43. Rg5# 1-0